000 01314nam a2200313 i 4500
003 EG-GICUC
005 20260121101147.0
008 251105s19-- mr ||||fr|||| 000 0 ara d
040 _a EG-GICUC
_c EG-GICUC
_d EG-GICUC
_erda
041 0 _aara
082 0 4 _221
_a257.1
_bا ل . ن
092 0 4 _221
099 _aLaw1 01 257.1 ا ل . ن [1900]
100 3 _aالادريسي
_eمؤلف.
245 1 0 _aنظام الحكومة النبوية.
_nالجزء الثاني /
_bللشيخ الأكبر مولانا عبد الحي بن رباني الامة شيخ المشايخ مولانا عبدالكبير الكتاني الادريسي الحسني الفاسي.
246 2 3 _aالمسمي (التراتيب الادارية)
264 1 _aالرباط :
_bاامطبعة الوطنية،
_c[1900].
300 _a521 صفحة :
_bصفحات غير مرقمة ؛
_c24 سم.
336 _2rda content
_atext
337 _2rda media
_aComputer
338 _2rda carrier
_aOnline Resource
504 _aيشتمل على إرجاعات ببليوجرافية.
546 _aالنص باللغة العربية
650 1 _a النظام السياسي
_2qrmak
651 1 _2qrmak
856 4 0 _uhttps://fll.law.cu.edu.eg/fulltext/bks/B01-03142.pdf
905 _aOmar
942 _2ddc
_n0
_cBK
_e21
999 _c41184
_d41184